Анализ рисков и управление нефтегазопоисковыми проектами: пер. с англ./ П. Р. Роуз: пер. с англ.

Λεπτομέρειες βιβλιογραφικής εγγραφής
Κύριος συγγραφέας: Роуз П. Р. Питер Р.
Περίληψη:В книге Питера Роуза последовательно изложены основные принципы и методы анализа рисков в геологоразведке и детально рассмотрены вопросы их практического применения при планировании и проведении геологоразведочных работ на нефть и газ. В России подобных работ, аналогичных по полноте изложения вопросов оценки геологических рисков, фактически нет. Книга будет очень полезна широкому кругу специалистов, занимающихся нефте-газопоисковыми проектами, а также руководителям компаний. Студентам и аспирантам она позволит изучить методы применения вероятностных методов для решения задач поиска и разведки месторождений нефти и газа.
Γλώσσα:Ρωσικά
Έκδοση: Ижевск, Регулярная и хаотическая динамика, 2011
Σειρά:Библиотека нефтяного инжиниринга
Θέματα:
Μορφή: MixedMaterials Βιβλίο
KOHA link:https://koha.lib.tpu.ru/cgi-bin/koha/opac-detail.pl?biblionumber=223065

MARC

LEADER 00000nam0a2200000 4500
001 223065
005 20231101230512.0
010 |a 9785434400350 
035 |a (RuTPU)RU\TPU\book\243298 
090 |a 223065 
100 |a 20121004d2011 km y0rusy50 ca 
101 1 |a rus  |c eng 
102 |a RU 
105 |a a z 001zy 
200 1 |a Анализ рисков и управление нефтегазопоисковыми проектами: пер. с англ./ П. Р. Роуз  |e пер. с англ.  |f П. Р. Роуз 
210 |a Ижевск  |c Регулярная и хаотическая динамика  |a Москва  |c Институт компьютерных исследований  |d 2011 
215 |a 304 с.  |c ил. 
225 1 |a Библиотека нефтяного инжиниринга 
320 |a Библиогр.: с. 281-290. 
320 |a Предметный указатель: с. 291-301. 
330 |a В книге Питера Роуза последовательно изложены основные принципы и методы анализа рисков в геологоразведке и детально рассмотрены вопросы их практического применения при планировании и проведении геологоразведочных работ на нефть и газ. В России подобных работ, аналогичных по полноте изложения вопросов оценки геологических рисков, фактически нет. Книга будет очень полезна широкому кругу специалистов, занимающихся нефте-газопоисковыми проектами, а также руководителям компаний. Студентам и аспирантам она позволит изучить методы применения вероятностных методов для решения задач поиска и разведки месторождений нефти и газа. 
606 1 |a Нефтегазоразведочные работы  |x Экономическая эффективность  |2 stltpush  |3 (RuTPU)RU\TPU\subj\45645  |9 64838 
610 1 |a нефтегазовые проекты 
610 1 |a управление 
610 1 |a риски 
610 1 |a экономический анализ 
610 1 |a оценивание 
610 1 |a неопределенность 
610 1 |a ловушки 
610 1 |a плеи 
610 1 |a геологоразведка 
610 1 |a нефтегазовая отрасль 
675 |a 553.98:550.8.003.13  |v 3 
700 1 |a Роуз  |b П. Р.  |g Питер Р. 
801 1 |a RU  |b 63413507  |c 20121004 
801 2 |a RU  |b 63413507  |c 20150702  |g RCR 
942 |c BK 
959 |a 124/20121004  |d 1  |e 519,00  |f ЧЗТЛ:1 
959 |a 92/20130522  |d 4  |e 1127,00  |f АНЛ:1  |f УФ:3